[Event "NED-ch U12 op"]
[Site "Borne"]
[Date "2013.08.08"]
[Round "8"]
[White "Kokje, Wouter"]
[Black "Hematyar, Fardin"]
[Result "0-1"]
[WhiteElo "785"]
[BlackElo "871"]
[PlyCount "34"]
[EventDate "2013.08.05"]
[EventType "swiss"]
[EventRounds "13"]
[EventCountry "NED"]
[SourceTitle "EXT 2015"]
[Source "ChessBase"]
[SourceDate "2014.11.20"]
[SourceVersion "1"]
[SourceVersionDate "2014.11.20"]
[SourceQuality "1"]

1. e4 e5 2. Nf3 Nc6 3. Nc3 Nf6 4. Bb5 Bd6 5. d4 exd4 6. Nxd4 Bb4 7. Bd2 0-0 8. 0-0 Nxd4 9. Nd5 Bxd2 10. Nxf6+ Qxf6 11. Qxd2 Nxb5 12. Rae1 c6 13. Re3 Qxb2 14. Rg3 Qf6 15. Re1 d6 16. Ree3 Bd7 17. Ref3 Qa1+ 0-1

[Event "NED-ch U12 op"]
[Site "Borne"]
[Date "2013.08.06"]
[Round "4"]
[White "Lemkes, Robin"]
[Black "Kokje, Wouter"]
[Result "1/2-1/2"]
[WhiteElo "698"]
[BlackElo "785"]
[PlyCount "78"]
[EventDate "2013.08.05"]
[EventType "swiss"]
[EventRounds "13"]
[EventCountry "NED"]
[SourceTitle "EXT 2015"]
[Source "ChessBase"]
[SourceDate "2014.11.20"]
[SourceVersion "1"]
[SourceVersionDate "2014.11.20"]
[SourceQuality "1"]

1. e4 e5 2. Nf3 Nc6 3. Bb5 Nf6 4. Nc3 Bc5 5. 0-0 a6 6. Ba4 b5 7. Bb3 0-0 8. d3 d6 9. h3 Bd7 10. Bg5 h6 11. Bh4 b4 12. Nd5 Nd4 13. Nxf6+ gxf6 14. Nxd4 Bxd4 15. Qc1 Kh7 16. c3 bxc3 17. bxc3 Bc5 18. Qd1 Qe7 19. Qf3 Rg8 20. Bxf6 Qe8 21. Bh4 Qf8 22. Bxf7 Rg7 23. Bh5 Qxf3 24. Bxf3 Bxh3 25. Bf6 Rg6 26. Bh4 Rag8 27. Rfb1 Bxg2 28. Bxg2 Rxg2+ 29. Kf1 Rh2 30. Bg3 Rh1+ 31. Ke2 Rh3 32. Rb7 Rg7 33. Rd1 h5 34. d4 exd4 35. cxd4 Ba3 36. Kf1 h4 37. Kg2 Rhxg3+ 38. fxg3 Rxg3+ 39. Kf2 Rh3 1/2-1/2